| 000 | 00973cam a22003374a 4500 | ||
|---|---|---|---|
| 001 | 5972610 | ||
| 003 | OSt | ||
| 005 | 20220106100914.0 | ||
| 008 | 050907s2005 enka b 001 0 eng | ||
| 010 | _a 2005054617 | ||
| 020 | _a9788131721407 | ||
| 024 | 3 | _a9780131292932 | |
| 035 | _a(OCoLC)ocm61500116 | ||
| 035 | _a(NNC)5972610 | ||
| 038 | _akhadija | ||
| 040 |
_aDLC _cDLC _dYDXCP _dBAKER _dIG# _dOCLCQ _dUBY _dNNC |
||
| 042 | _apcc | ||
| 050 | 0 | 0 |
_aTA357 _b.D68 2005 |
| 082 | 0 | 0 |
_a620.106 _222 _bFLU |
| 245 | 0 | 0 |
_aFluid mechanics / _cJohn F. Douglas ... [et al.]. |
| 250 | _a5th ed. | ||
| 260 |
_aHarlow, Essex ; _aNew York, N.Y. : _bPearson/Prentice Hall, _c2005. |
||
| 300 |
_axxxiii, 958 p. : _bill. (some col.) ; _c25 cm. |
||
| 504 | _aIncludes bibliographical references and index. | ||
| 563 | _aPB | ||
| 650 | 0 |
_aFluid mechanics. _987340 |
|
| 700 | 1 |
_aDouglas, John F. _987341 |
|
| 942 |
_2ddc _cBK |
||
| 948 | 1 |
_a20061103 _bc _crf4 _dMPS |
|
| 999 |
_c32425 _d32425 |
||